| 000 | 00818nam a22002537a 4500 | ||
|---|---|---|---|
| 005 | 20140902104451.0 | ||
| 010 | _aENG-110686 | ||
| 020 |
_a9789339213077 _c475.00 |
||
| 020 |
_a9339213076 _c475.00 |
||
| 035 | _aEN-94218 | ||
| 037 | _bDBAD/PUB | ||
| 082 | _a658.15224 | ||
| 100 | _aMansfield, Heather | ||
| 245 |
_aMobile for good : _cby Heather Mansfield _ba how-to fundraising guide for nonprofits / |
||
| 260 |
_aNew Delhi _bMcGraw Hill Education _c2014 |
||
| 270 |
_aP-24, Green Park Extn. _bNew Delhi _e110016 |
||
| 300 |
_aix,244p. _c23cm(pbk) |
||
| 500 | _aIncludes index | ||
| 650 |
_aNonprofit organizations _xMarketing. |
||
| 650 |
_aNonprofit organizations _xInternet marketing. |
||
| 650 | _a Fund raising. | ||
| 650 | _aSocial marketing. | ||
| 942 |
_2ddc _cEN _mMAN _h658.15224 |
||
| 999 |
_c88116 _d88116 |
||